[Event "Chesscup Blitz 2020"]
[Site "Katowice"]
[Date "2020.09.12"]
[Round "1.1"]
[White "Socko, Bartosz"]
[Black "Smuda, Tomasz"]
[Result "1-0"]
[WhiteElo "2601"]
[BlackElo "1251"]
[Annotator "TA"]
[PlyCount "93"]
[EventDate "2020.09.12"]
[EventType "swiss"]
[EventCountry "POL"]
[SourceTitle "playchess.com"]
[Source "ChessBase"]
[SourceQuality "1"]

{[%evp 9,92,8,58,58,47,55,54,56,46,37,454,453,464,464,464,446,498,445,435,381,365,351,379,380,473,474,488,487,483,396,501,495,508,531,510,500,489,450,458,408,427,0,435,437,429,420,437,464,991,977,2955,835,29990,29985,29985,29986,29985,29986,29985,2884,2289,2031,29984,29985,29985,29986,29986,29987,29987,29988,29990,29991,29991,29992,29992,29993,29993,29993,29994,29992,29997,29998,29998,29999,29999]} 1. g3 e5 2. Bg2 c5 3. c4 Nc6 4. Nc3 d6 5. e3 Nge7 6. Nge2 {A36: Symmetrical English vs ...g6: 4 Bg2 Bg7.} g6 7. d4 cxd4 8. exd4 {White is slightly better.} Bg7 {[%cal Rc6d4]} 9. d5 {[#]} Nb4 $146 {[%mdl 8192]} (9... Nb8 $14) ({Predecessor:} 9... Na5 10. Qa4+ Bd7 11. Qb4 Qb6 12. Qxb6 axb6 13. Ne4 Nc8 14. Nd2 b5 15. cxb5 Bxb5 {½-½ (46) Greer,K (2230)-Brady,S (2305) Ireland 1993}) 10. Qa4+ $18 {[%mdl 64] [#] Double Attack} Qd7 {...Qxa4 is the strong threat.} 11. Qxb4 O-O 12. O-O f5 13. Bg5 h6 14. Bxe7 Qxe7 15. Rac1 f4 16. f3 h5 17. Ne4 Rd8 18. c5 dxc5 19. Qxc5 Qe8 20. gxf4 Bf5 21. Nd6 Qd7 22. Nxf5 Qxf5 23. fxe5 Qxe5 24. Nc3 Qf4 {Hoping for ...Bd4+.} 25. Ne2 Qe5 $1 26. Qf2 Qxd5 27. f4 Qxa2 28. f5 g5 (28... Qf7 $142 29. Qg3 gxf5) 29. f6 Bf8 30. Ng3 (30. Qf5 $142 Qf7 31. Qxg5+ Bg7 32. Rc3) 30... b6 31. Qf5 Qf7 32. Qxg5+ Kh8 33. Bxa8 Rxa8 34. Qxh5+ (34. Rf5 $142 Rd8 35. Qe3 Bc5 36. Rcxc5 bxc5 37. Rxh5+ Qxh5 {[%mdl 64] Remove Defender} 38. Nxh5 Rg8+ 39. Kf2) 34... Qxh5 35. Nxh5 Bc5+ {[#]} 36. Rxc5 $1 {White mates.} bxc5 {[%mdl 4096] Endgame KRN-KR} 37. f7 Rf8 38. Rf6 {[%cal Rf6h6]} Kh7 39. Kf2 a5 40. Ke3 a4 41. Kf4 Rxf7 42. Rxf7+ Kg6 43. Rc7 Kxh5 44. Rxc5+ Kh4 45. Kf3 a3 46. bxa3 Kh3 47. Rh5# {Black got outplayed after the opening. Accuracy: White = 81%, Black = 41%.} 1-0

[Event "Chesscup Blitz 2020"]
[Site "Katowice"]
[Date "2020.09.12"]
[Round "1.2"]
[White "Karut, Kacper"]
[Black "Miton, Kamil"]
[Result "0-1"]
[WhiteElo "1657"]
[BlackElo "2590"]
[Annotator "TA"]
[PlyCount "64"]
[EventDate "2020.09.12"]
[EventType "swiss"]
[EventCountry "POL"]
[SourceTitle "playchess.com"]
[Source "ChessBase"]
[SourceQuality "1"]

{[%evp 10,64,39,41,64,52,69,43,54,56,52,-15,48,7,41,27,27,-66,-83,-85,-64,-184,-177,-174,-171,-208,-190,-170,-175,-300,-299,-285,-283,-328,-239,-246,-204,-236,-186,-293,-285,-397,-417,-482,-400,-544,-108,-129,-116,-123,-129,-207,-218,-319,-179,-857,-856]} 1. e4 c5 2. Nf3 d6 3. d4 cxd4 4. Nxd4 Nf6 5. Nc3 Bd7 6. Be3 e6 {B56: Classical Sicilian: Unusual Lines.} 7. f3 a6 8. Qd2 h5 {White is slightly better.} 9. O-O-O b5 {[%cal Bb7b5,Bb5b4][%mdl 32]} 10. Be2 (10. a3 $14) 10... Nc6 (10... b4 $11 11. Nb1 e5) 11. h3 h4 {[#]} 12. Nxc6 $146 (12. a3 {is interesting.} Be7 13. Bg5 Qb6 14. Nb3 Ne5 15. Qd4) ({Predecessor:} 12. Rhg1 b4 13. Nb1 Qa5 14. Bc4 Ne5 15. Bb3 Rc8 16. Qe2 Nh5 17. f4 {½-½ (43) Zhou,Q (2229)-Trisha,K (2193) chess.com INT 2020}) 12... Bxc6 13. Bf4 ({Better is} 13. a3 $11) 13... b4 $15 14. Nb1 {[%cal Rf4d6]} d5 15. e5 ({White should play} 15. Rhe1 $15) 15... Nd7 $19 16. Be3 Nxe5 17. Bd4 Bd6 18. f4 Ng6 19. Be3 (19. Rhf1 {keeps fighting.}) 19... Ne7 20. Rhf1 Nf5 21. Bg4 Nxe3 22. Qxe3 O-O 23. f5 exf5 24. Rxf5 (24. Bxf5 $142 Re8 25. Qf3) 24... Re8 25. Qd3 g6 26. Rf2 Qg5+ 27. Nd2 Qe3 $2 {[#]} (27... Bc5 $19 {and Black stays clearly on top.} 28. Rf3 Bb5) 28. Qxe3 $17 Rxe3 29. Rf6 Rd8 30. Kb1 (30. Nb3 $17) 30... Kg7 $19 31. Rdf1 (31. Rff1 {might work better.}) 31... Be8 (31... Re7 $142 {White must now prevent ...Bb5.} 32. Nb3 Bb5) 32. R6f4 $2 {[#]} (32. Nb3) 32... Bxf4 {Accuracy: White = 23%, Black = 66%.} 0-1

[Event "Chesscup Blitz 2020"]
[Site "Katowice"]
[Date "2020.09.12"]
[Round "1.3"]
[White "Krasenkow, Michal"]
[Black "Binkowski, Tomasz"]
[Result "1-0"]
[WhiteElo "2605"]
[BlackElo "1359"]
[Annotator "TA"]
[PlyCount "85"]
[EventDate "2020.09.12"]
[EventType "swiss"]
[EventCountry "POL"]
[SourceTitle "playchess.com"]
[Source "ChessBase"]
[SourceQuality "1"]

{[%evp 10,84,39,41,66,34,204,200,205,201,222,228,322,314,444,435,442,433,508,502,497,456,617,451,437,431,444,447,464,459,462,449,614,614,586,509,536,525,535,542,646,580,639,667,691,680,785,729,829,825,771,817,770,749,905,895,880,884,1314,1304,1531,1525,29974,29975,29970,29969,29989,29984,29988,29989,29989,29984,29994,29995,29995,29996,29999]} 1. Nf3 g6 2. e4 Bg7 3. d4 d6 4. c4 Nf6 5. Nc3 O-O 6. h3 Re8 {E90: King's Indian: Classical: Early deviations and 6 h3.} 7. Bg5 Nbd7 $2 {[#]} (7... c5 $14) 8. e5 $18 dxe5 {White is clearly better.} 9. dxe5 Nh5 10. g4 {[#]} h6 $146 (10... Nxe5 $142 11. Nxe5 Bxe5) ({Predecessor:} 10... f6 11. Be3 Nxe5 12. Nxe5 Qxd1+ 13. Rxd1 fxe5 14. gxh5 gxh5 15. Rg1 Kh8 16. Nd5 {1-0 (16) Zirkelbach,M (2160)-Vidic,M (1622) Portoroz 2017}) 11. Be3 ({Weaker is} 11. gxh5 hxg5 12. e6 Nc5 $16) 11... Bxe5 (11... Nhf6 {was necessary.} 12. exf6 Nxf6) 12. gxh5 Bxc3+ 13. bxc3 g5 14. h4 g4 15. Bxh6 {[#] Threatens to win with Qd4.} Nf6 {If Black can now play ...Qxd1+ this consolidates a bit.} 16. Qxd8 Rxd8 17. Ne5 Be6 18. Rg1 Kh7 19. Be3 Nxh5 20. Nxg4 Bxg4 21. Rxg4 Nf6 22. Rd4 Rg8 23. Bd3+ Kh8 24. Bg5 Rad8 25. Ke2 Rxd4 26. cxd4 Rd8 27. d5 Ng4 28. Bd2 Ne5 29. Bc3 f6 30. Bxe5 fxe5 {[%mdl 4096] Endgame KRB-KR} 31. Rg1 c6 32. dxc6 bxc6 33. Rg5 Rb8 34. Rxe5 Rb2+ 35. Ke3 Rxa2 36. Rxe7 {White mates.} Ra5 37. f4 Rh5 38. f5 Rxh4 39. f6 {[%cal Re7e8]} Rh3+ 40. Kd2 {[%cal Re7e8]} Kg8 41. Bg6 {[%cal Re7e8]} Rh2+ 42. Kc3 {[%cal Re7e8]} Rf2 43. Re8# {Black did not feel at home in the position after the opening. Accuracy: White = 89%, Black = 35%.} 1-0

[Event "Chesscup Blitz 2020"]
[Site "Katowice"]
[Date "2020.09.12"]
[Round "1.4"]
[White "Cichon, Bartlomiej"]
[Black "Piorun, Kacper"]
[Result "0-1"]
[WhiteElo "1421"]
[BlackElo "2596"]
[Annotator "TA"]
[PlyCount "76"]
[EventDate "2020.09.12"]
[EventType "swiss"]
[EventCountry "POL"]
[SourceTitle "playchess.com"]
[Source "ChessBase"]
[SourceQuality "1"]

{[%evp 9,75,110,179,26,25,22,22,16,14,22,33,27,54,25,22,-2,39,19,31,25,35,66,79,62,66,15,54,49,53,56,60,23,45,0,72,71,54,-56,-58,-67,-53,-114,-114,-114,-115,-116,-112,-189,-147,-158,-131,-152,-153,-214,-229,-225,-218,-373,-208,-227,-208,-1368,-1282,-29996,-29997,-29997,-29998,-29999]} 1. e4 g6 2. d4 Bg7 3. Nc3 {[%cal Bb1c3,Bc3d5,Bd5f4][%mdl 32]} c5 4. Be3 Qb6 5. Nd5 Qa5+ (5... Qd8 $16 {was necessary.}) 6. c3 $2 {B06: Modern Defence.} (6. Qd2 $1 $18 {[%cal Rd2a5]} Qxd2+ 7. Bxd2) 6... e6 $11 7. b4 Qd8 8. Nf4 {The position is equal.} cxb4 9. cxb4 Ne7 10. Nf3 O-O {[#]} 11. Be2 $146 ({Predecessor:} 11. h4 d5 12. e5 Nf5 13. g4 Nxe3 14. fxe3 f6 15. exf6 Qxf6 16. g5 Qf7 17. h5 {1-0 (26) Ould Rouis,M (2073)-Medjkouh,S (2072) Staoueli 2014}) 11... Nbc6 12. b5 e5 (12... Na5 {is interesting.} 13. O-O b6 14. Bd2 a6 15. a4 d5) 13. bxc6 exf4 14. Bxf4 {Black must now prevent c7.} dxc6 15. O-O h6 16. h3 Be6 17. Qd3 (17. Rb1 $14) 17... g5 18. Be5 f6 19. Bg3 Qd7 20. Rfd1 Rad8 21. a3 Ng6 (21... f5 $11) 22. Rab1 $16 f5 23. Ne5 (23. exf5 $1 $14 Bxf5 24. Qb3+ Kh8 25. Ne5 Nxe5 26. dxe5) 23... Nxe5 $15 24. Bxe5 fxe4 25. Qxe4 {[#]} ({White should play} 25. Qc3 $15) 25... Bf5 $1 $17 {[%cal Rf5e4][%mdl 64] Skewer} 26. Qe3 Bxb1 27. Rxb1 b6 28. Bf3 (28. Bh5 $17) 28... Rde8 29. Qc3 Bxe5 30. dxe5 c5 31. Qc4+ (31. Re1 $17) 31... Kg7 $19 32. Re1 Qd4 33. Qc2 $2 (33. Qe2 {was forced.}) 33... Re7 (33... Rxe5 $142 34. Rd1 Qf4) 34. Bh5 {[#]} Kh8 $1 ({Inferior is} 34... Rxe5 35. Qg6+ Kh8 36. Qxh6+ Kg8 37. Qg6+ Kh8 38. Qh6+ Kg8 39. Qg6+ Kh8 40. Qh6+ $11 {[%mdl 64] Double Attack}) 35. Qg6 $2 (35. e6) 35... Qxf2+ {[%mdl 64] Double Attack} 36. Kh1 Qxe1+ {[%mdl 64] Double Attack. Black mates.} 37. Kh2 Qxe5+ 38. Kh1 Rf1# {Accuracy: White = 38%, Black = 70%.} 0-1

[Event "Chesscup Blitz 2020"]
[Site "Katowice"]
[Date "2020.09.12"]
[Round "1.5"]
[White "Janik, Igor"]
[Black "Pawlak, Emilia"]
[Result "1-0"]
[WhiteElo "2470"]
[BlackElo "1482"]
[Annotator "TA"]
[PlyCount "71"]
[EventDate "2020.09.12"]
[EventType "swiss"]
[EventCountry "POL"]
[SourceTitle "playchess.com"]
[Source "ChessBase"]
[SourceQuality "1"]

{[%evp 12,71,18,0,45,52,52,44,81,95,80,78,59,-38,-34,-30,-30,-23,-29,-27,-25,-35,-27,-65,-18,-19,-7,-14,-8,-27,42,41,39,52,80,-40,-30,-69,-70,-132,-135,-138,-128,-128,-77,-73,-83,-95,-112,-202,-176,-97,0,-154,-108,-317,-170,-165,458,441,398,404]} 1. g3 Nf6 2. Bg2 d5 3. c4 e6 4. Nf3 Nc6 5. b3 Be7 6. Bb2 O-O 7. O-O a6 {A13: English Opening: 1...e6.} 8. d4 b6 9. cxd5 {[#]} Nxd5 $146 {White is slightly better.} ({Predecessor:} 9... exd5 10. Nc3 Bb7 11. Rc1 b5 12. Ne5 Nxe5 13. dxe5 Ne4 14. Nxe4 dxe4 15. Qc2 Bg5 {1-0 (25) Walsh,P (1656)-Williams,R (1233) ICCF email 2017}) 10. e4 Nf6 11. Nbd2 Bb7 12. Rc1 (12. a3 $14) 12... Nb4 $1 $15 {[%csl LRa2,LRe4]} 13. e5 Nfd5 14. Ra1 Nd3 15. Qb1 Nxb2 16. Qxb2 a5 17. Nc4 Bb4 {Strongly threatening ...Bc3.} 18. Rfc1 Qd7 19. a3 Be7 20. Qc2 c5 ({Black should try} 20... Rfc8 $11) 21. dxc5 $14 Bxc5 22. Ng5 $1 {[%csl Gg5][%cal Rc2h7]} g6 23. Ne4 (23. Rd1 $16) 23... Bd4 $15 24. Rd1 Bxa1 25. Nf6+ (25. Rxa1 $15 Qe7 26. Qb2) 25... Nxf6 $17 26. Rxd7 Nxd7 27. Bxb7 Rad8 (27... Rab8 $142 28. Qe4 Nxe5 $1 {[%mdl 576] Deflection} 29. Nxe5 Bxe5 30. Qxe5 Rxb7) 28. Qe2 Nc5 29. Be4 Nxb3 30. Nxb6 {[#]} (30. Kg2 $17 {might work better.}) 30... Rd2 $1 $19 {[%cal Rd2e2]} ({Much less strong is} 30... Bxe5 31. Qb5 $15) 31. Qb5 Nd4 (31... Rb8 $17 {aiming for ...Bd4.} 32. Qc6 (32. Qxb3 $2 Bd4 $19 {[%mdl 64] Double Attack}) 32... Bd4) 32. Qb1 $2 ({Better is} 32. Qa6 $11) 32... Ne2+ {[%mdl 64] Discovered Attack} 33. Kf1 $2 (33. Kg2 $17 Bxe5 34. Qe1) 33... Bxe5 (33... Nc3 $142 34. Qxa1 Nxe4) 34. Nc4 Bc3 $4 {[%mdl 8192]} (34... Nc3 $19 {and life is good for Black.} 35. Qb7 Rd1+ 36. Kg2 Bd4) 35. Nxd2 $18 Bxd2 36. Kxe2 {Accuracy: White = 56%, Black = 48%.} 1-0

[Event "Chesscup Blitz 2020"]
[Site "Katowice"]
[Date "2020.09.12"]
[Round "1.6"]
[White "Kulig, Jan"]
[Black "Jakubowski, Krzysztof"]
[Result "0-1"]
[WhiteElo "1419"]
[BlackElo "2481"]
[Annotator "TA"]
[PlyCount "44"]
[EventDate "2020.09.12"]
[EventType "swiss"]
[EventCountry "POL"]
[SourceTitle "playchess.com"]
[Source "ChessBase"]
[SourceQuality "1"]

{[%evp 10,44,10,9,5,4,26,22,75,54,63,30,52,51,63,58,48,40,43,32,39,-28,-26,-295,-292,-368,-262,-577,-385,-494,-496,-493,-483,-604,-598,-889,-908]} 1. d4 Nf6 2. c4 e6 3. Nc3 Bb4 4. Qc2 b6 5. Bg5 Bb7 6. e3 h6 {E32: Nimzo-Indian: Classical (4 Qc2): 4...0-0.} 7. Bh4 g5 8. Bg3 d6 (8... Bxc3+ $11 {keeps the balance.} 9. bxc3 d6) 9. f3 Nbd7 10. Bd3 {[#]} Rg8 $146 ({Predecessor:} 10... Qe7 11. Nge2 O-O-O 12. e4 Nh5 13. O-O-O Bxc3 14. Nxc3 Nxg3 15. hxg3 Rdg8 16. Rh5 Kb8 {0-1 (27) Wieland,L-Schrancz,I ICCF corr 1964}) 11. h3 h5 12. O-O-O Bxc3 13. Qxc3 Qe7 14. Qc2 O-O-O 15. h4 (15. Kb1 $14) 15... g4 $11 {[#] Strongly threatening ...gxf3.} 16. e4 $2 {[%mdl 8192] This move loses the game for White.} (16. Bf4 $11 {and White is okay.}) 16... gxf3 $19 17. Bf4 Rxg2 18. Qc3 $2 (18. Rd2 Rxd2 19. Bxd2) 18... f2 19. Nf3 Nxe4 {Black is clearly winning.} 20. Bxe4 Bxe4 21. Bg5 f6 22. Be3 Bxf3 {Accuracy: White = 32%, Black = 73%.} 0-1

[Event "Chesscup Blitz 2020"]
[Site "Katowice"]
[Date "2020.09.12"]
[Round "1.7"]
[White "Golubka, Petro"]
[Black "Wasik, Mateusz"]
[Result "1-0"]
[WhiteElo "2488"]
[BlackElo "1765"]
[Annotator "TA"]
[PlyCount "93"]
[EventDate "2020.09.12"]
[EventType "swiss"]
[EventCountry "POL"]
[SourceTitle "playchess.com"]
[Source "ChessBase"]
[SourceQuality "1"]

{[%evp 13,93,18,16,-18,16,17,10,-1,89,48,68,66,64,85,74,47,135,104,108,110,97,0,-6,-60,-54,-63,112,118,526,83,199,9,152,154,178,8,10,19,44,18,45,0,0,0,30,6,47,0,208,24,29998,169,196,196,249,195,582,544,628,584,2200,2088,2116,2034,2342,2091,1704,1601,1447,1462,1797,1675,29975,10563,29977,1796,29987,0,29987,6195,29985,12353]} 1. d4 d5 2. Nf3 Nf6 3. Bf4 e6 4. e3 c5 5. c3 Nc6 6. Nbd2 Be7 7. Bd3 Nh5 8. Be5 {D02: 1 d4 d5 2 Nf3 sidelines, including 2...Nf6 3 g3 and 2...Nf6 3 Bf4.} Nxe5 {8...f6 is the modern continuation.} 9. dxe5 {Strongly threatening g4.} g6 10. Qe2 {[#] The position is equal.} O-O $146 (10... a6 $11 {remains equal.}) ({Predecessor:} 10... Bd7 11. O-O O-O 12. g3 Qc7 13. e4 Rae8 14. Rfe1 c4 15. Bc2 Bc5 16. Rad1 f6 17. exf6 Rxf6 {½-½ (34) Granda Zuniga,J (2648)-Melkumyan,H (2653) Germany 2017}) 11. h4 f5 12. exf6 $1 Bxf6 (12... Nxf6 13. Bc2 $15) 13. g4 Ng7 14. h5 e5 ({Better is} 14... gxh5 $14 15. Bc2 hxg4 16. Bxh7+ Kf7) 15. hxg6 $16 e4 16. Nxe4 dxe4 17. Bc4+ (17. Bxe4 $16 {Black must now prevent g5.} Qe7 18. Bd5+ (18. gxh7+ Kh8 $14) 18... Be6 19. Bxe6+ (19. gxh7+ Kh8 $11) 19... Nxe6 20. gxh7+ (20. Rxh7 Qe8 $11) 20... Kh8 21. O-O-O) 17... Be6 $11 18. Bxe6+ (18. Nd2 $1 $11) 18... Nxe6 $15 {[#]} 19. Qc4 $1 {[%mdl 576] Double Attack} Qe7 $2 (19... Qe8 $1 $15 {keeps the upper hand.} 20. Qxe4 (20. gxh7+ Kh8 $17) 20... hxg6) 20. Rxh7 $16 Bg7 $2 {[%mdl 8192]} (20... Qe8 $16 21. Qxe4 Nf4 22. Qc4+ (22. Qxb7 $2 Qxg6 {[%mdl 64] Double Attack} 23. exf4 Rae8+ 24. Kd2 Rd8+ 25. Kc1 Qxh7 $19) 22... Qe6 23. Qxe6+ Nxe6) 21. Qxe4 $2 (21. Nh4 $1 $18 {is the precise move to win.}) 21... Rad8 {[#]} (21... Rfe8 $16) 22. Rd1 $2 (22. Ng5 $1 $18 {[%mdl 512]} Rde8 (22... Nxg5 23. Qxe7) 23. Nf7) 22... Qf6 (22... Rxd1+ $11 {keeps the balance.} 23. Kxd1 Qd7+ 24. Ke1 Re8) 23. Rxd8 Rxd8 24. g5 $2 (24. Nh4 $18 Ng5 25. Qc4+ {[%mdl 64] Double Attack} Qe6 26. Qxe6+ Nxe6 27. Nf5) 24... Qe7 $11 25. Kf1 Rd1+ 26. Kg2 Qd7 27. a4 Rd5 28. Rh5 $36 {[%mdl 2048] White is pushing.} Rd6 29. a5 a6 30. Qh4 Kf8 $2 {[#] Black is on the road to losing.} (30... Rd5 $11) 31. Qh3 $2 ({White should try} 31. Rh8+ $1 $18 {[%mdl 512]} Ke7 (31... Bxh8 32. Qxh8+) 32. Rg8) 31... Qe7 $2 {[%mdl 8192] [#]} (31... Kg8 $11) 32. Qf5+ $2 (32. Rh8+ $1 {[%mdl 512]} Bxh8 33. Qxh8#) 32... Ke8 33. Rh4 Kd7 (33... b6 $142 34. Rh7 bxa5) 34. Re4 Kc6 $2 (34... Kd8 {is tougher.} 35. Kg3 b5) 35. Ne5+ $18 Bxe5 36. Rxe5 ({Not} 36. Qxe5 b5 $18) 36... Qd7 {[#]} 37. g7 $1 {[%mdl 576] Deflection} Qxg7 38. Rxe6 Rxe6 39. Qxe6+ {[%mdl 4096] Endgame KQ-KQ} Kb5 40. Qf6 Qd7 41. g6 Qd5+ 42. Kg3 Qh5 43. g7 Qh7 44. Qb6+ (44. b3 $142 Kxa5 45. Qd8+ Kb5 46. g8=Q Qxg8+ 47. Qxg8 Kc6 48. f4 a5 49. f5) 44... Kc4 45. Qf6 $2 (45. Qe6+ {mates} Kd3 46. g8=Q Qc7+ 47. f4 Kd2 48. Qd5+ Kc1 49. Qh1+ Kxb2 50. Qh2+ Kxc3 51. Qhh8+ Qg7+ 52. Qgxg7+ Kc4 53. Qc3+ Kd5 54. Qe8 Kd6 55. Qce5#) 45... Qg8 $2 {[%mdl 8192]} (45... Kb5 $11 46. Qf7 Kxa5) 46. e4 (46. Qf8 $142 Qxf8 47. gxf8=Q Kd3 48. Qxc5 Kc2 49. Qb6 Kb1 50. Kf3 Kc1 51. Ke2) 46... Kd3 {[#]} 47. e5 {Accuracy: White = 55%, Black = 21%.} (47. Qf8 $142 $1 Qe6 48. g8=Q Qe5+ 49. Qf4 Qxf4+ 50. Kxf4 Kd2 51. e5 c4 52. Qd5+ Kc2 53. e6) 1-0

[Event "Chesscup Blitz 2020"]
[Site "Katowice"]
[Date "2020.09.12"]
[Round "1.8"]
[White "Hryciuk, Krzysztof"]
[Black "Klekowski, Maciej"]
[Result "0-1"]
[WhiteElo "1431"]
[BlackElo "2511"]
[Annotator "TA"]
[PlyCount "38"]
[EventDate "2020.09.12"]
[EventType "swiss"]
[EventCountry "POL"]
[SourceTitle "playchess.com"]
[Source "ChessBase"]
[SourceQuality "1"]

{[%evp 21,38,0,0,-11,0,-19,-16,-69,-64,-120,-115,-103,-104,-378,-381,-381,-375,-1421,-1393]} 1. e4 c5 2. d4 cxd4 3. c3 Nf6 4. e5 Nd5 5. cxd4 Nc6 6. Nc3 Nxc3 7. bxc3 d6 8. exd6 Qxd6 9. Bd3 g6 10. Nf3 Bg7 11. O-O O-O 12. a4 {B22: Sicilian: 2 c3.} Rd8 13. Ba3 Qc7 14. Re1 {[#]} (14. Be4 $11) 14... e5 $146 {[%cal Re5d4]} ({Predecessor:} 14... Bg4 15. h3 Bxf3 16. Qxf3 e6 17. Be4 Rac8 18. Rad1 b6 19. d5 Ne5 20. Qg3 Nc4 {0-1 (29) Vrana,J (2236)-Piza,V (2328) Nachod 2009}) 15. dxe5 (15. Rc1 $15) 15... Nxe5 $17 16. Nxe5 Bxe5 17. h3 $2 {[%mdl 8192]} (17. Qf3 $17 {might work better.}) 17... Bf5 $19 18. Re3 Qxc3 {[%mdl 64] [#] Double Attack} 19. Qc2 $2 (19. Bxf5 Qxa1 20. Qxa1 Bxa1 21. Bc2) 19... Qxa1+ {White got outplayed after the opening} 0-1

[Event "Chesscup Blitz 2020"]
[Site "Katowice"]
[Date "2020.09.12"]
[Round "1.9"]
[White "Nasuta, Grzegorz"]
[Black "Polok, Alojzy"]
[Result "1-0"]
[WhiteElo "2553"]
[BlackElo "1713"]
[Annotator "TA"]
[PlyCount "51"]
[EventDate "2020.09.12"]
[EventType "swiss"]
[EventCountry "POL"]
[SourceTitle "playchess.com"]
[Source "ChessBase"]
[SourceQuality "1"]

{[%evp 14,51,21,29,53,26,31,19,18,10,30,18,25,10,22,15,44,28,59,40,63,62,62,16,70,50,110,93,93,50,92,97,169,89,89,100,99,31,118,84]} 1. e4 c5 2. Nf3 d6 3. Bb5+ Bd7 4. Bxd7+ Qxd7 5. c4 Nc6 6. d4 cxd4 7. Nxd4 Nf6 8. Nc3 a6 {B52: Sicilian: Moscow Variation with 3...Bd7.} 9. O-O e6 10. Be3 Be7 {The position is equal.} 11. f3 Rc8 12. b3 O-O {[#]} 13. Nxc6 $146 ({Predecessor:} 13. a4 Qc7 14. Qd2 Nd7 15. Rab1 Nc5 16. Nxc6 Qxc6 17. Rfd1 Rfd8 18. Bxc5 Qxc5+ 19. Qd4 Qxd4+ 20. Rxd4 {½-½ (37) Furgal,G (1251)-Szuber,D (1333) Szczyrk 2017}) 13... bxc6 14. Na4 $36 {[%mdl 2048] White is more active.} Rb8 15. Qe2 a5 16. Rfd1 {[#] Hoping for e5!} Qc7 17. Rac1 Rfd8 18. Kh1 c5 (18... d5 $11) 19. Qf2 Rb4 (19... Nd7 $14) 20. Nc3 Rb7 21. Nb5 Qb8 22. a4 Nd7 {[#]} (22... d5 $16) 23. Rd2 (23. Bd2 $1 $18) 23... Ne5 24. Rcd1 Rb6 25. Bf4 (25. h3 $16) 25... f6 (25... Nc6 $1 $14) 26. Bg3 {Accuracy: White = 63%, Black = 54%.} 1-0

[Event "Chesscup Blitz 2020"]
[Site "Katowice"]
[Date "2020.09.12"]
[Round "1.10"]
[White "Maslanka, Wojciech"]
[Black "Teclaf, Pawel"]
[Result "0-1"]
[WhiteElo "1824"]
[BlackElo "2464"]
[Annotator "TA"]
[PlyCount "64"]
[EventDate "2020.09.12"]
[EventType "swiss"]
[EventCountry "POL"]
[SourceTitle "playchess.com"]
[Source "ChessBase"]
[SourceQuality "1"]

{[%evp 9,64,-16,6,-6,0,-32,-34,-32,-32,-46,0,-25,-25,-28,-10,-33,4,-12,-7,-26,-18,-66,-1,-20,0,0,12,-158,0,-176,-147,-176,-136,-154,-141,-284,-249,-239,-157,-420,-418,-412,-344,-594,-586,-573,-562,-1046,-1002,-1494,-1481,-29989,-29990,-29990,-29991,-29991,-29992]} 1. e4 g6 2. d4 Bg7 3. f4 c5 4. c3 Qa5 {[#]} 5. Bd2 $146 ({Predecessor:} 5. d5 d6 6. Nf3 Nf6 7. Nbd2 O-O 8. Bd3 b5 9. Qe2 a6 10. a4 c4 11. Bc2 Bb7 12. Nd4 {0-1 (40) Weissenbeck,M (2229)-Petran,P (2306) Austria 2017}) 5... Qb6 6. Na3 {B06: Modern Defence.} cxd4 7. Nc4 Qe6 8. e5 {Black is slightly better.} d5 {Strongly threatening ...dxc3.} 9. Na3 Nh6 10. cxd4 Qb6 11. Bc3 O-O 12. Nf3 Bg4 13. Be2 (13. h3 $5 {[%cal Rh3g4]} Bxf3 14. Qxf3 $11) 13... Nf5 14. Qd2 Nc6 $36 {[%cal Bb8c6,Bc6b4,Bb4a2][%mdl 2080] aiming for ...Bxf3. Black is more active.} 15. Rd1 a5 ({Black should play} 15... f6 $15 16. Nc2 Bh6) 16. O-O $11 Nb4 17. b3 Rfc8 18. h3 $2 (18. Nb5 $11) 18... Bxf3 $2 (18... Ng3 $17 {...Bh6 is the strong threat.} 19. hxg4 Rxc3) 19. Bxf3 $2 {[#]} (19. Rxf3 $11 Nh4 20. Rg3) 19... Nxa2 $1 $19 {[%mdl 576] Discovered Attack, Deflection} 20. Qxa2 Rxc3 21. Bxd5 Rd8 22. b4 (22. Qd2 $17 {might work better.} Qb4 23. Nb5 Qxb5 {[#]} 24. Bxf7+ $1 {[%mdl 512]} Kxf7 25. Qxc3) 22... e6 ({Less strong is} 22... Qxb4 23. Bxf7+ Kh8 24. Nc2 $15) 23. bxa5 Qxa5 24. Bxe6 $2 {This costs White the game.} (24. Nb1 $17 {was the only chance.} Qxa2 25. Bxa2) 24... fxe6 ({But not} 24... Rxa3 25. Bxf7+ Kh8 26. Qb2 $19) (24... Qxa3 $2 25. Qxa3 Rxa3 26. Bxf5 $19) 25. Qxe6+ Kh8 26. Nc4 $2 (26. Nb1 {is the only way for White.} Rcc8 27. Qb3) 26... Qa2 {Hoping for ...Rc2.} 27. Qb6 Rf8 28. Nd6 {[#] intending Nxf5.} Ne3 $1 {[%csl Ge3][%cal Ra2g2][%mdl 64] Double Attack} 29. Rf2 Rc2 30. Rxc2 Qxc2 {[%csl Ge3][%cal Rc2g2][%mdl 64] Double Attack. Black mates.} 31. Nf7+ Rxf7 {[%csl Ge3][%cal Rc2g2]} 32. Qd8+ Bf8 {Accuracy: White = 39%, Black = 70%.} 0-1